al-Ḥayāh al-yawmīyah fī Miṣr al-qadīmah /

محفوظ في:

المؤلف الرئيسي: Shorter, Alan W. (مؤلف)

مؤلفون آخرون: Ibrāhīm, Najīb Mīkhāʼīl., Kamāl, Muḥarram.

التنسيق: كتاب

اللغة: Arabic
English

منشور في: al-Qāhirah : Maktabat al-Anjlū al-Miṣrīyah, 1956.

سلاسل: al-Alf kitab ; 49.

الموضوعات:

الوسوم: إضافة وسم

لا توجد وسوم, كن أول من يضع وسما على هذه التسجيلة!

رقم الطلب: DT61 .S552 1956

LEADER 01631nam a2200301Ia 4500
003 OSt
005 20230514133703.0
008 130303s1956 ua a 000 0 ara d
952 |0 0  |1 0  |2 lcc  |4 0  |6 DT0061 S552 01956  |7 1  |9 47400  |a ARCE  |b ARCE  |d 2023-05-14  |l 0  |o DT61 .S552 1956  |p 1004130  |r 2023-05-14 00:00:00  |w 2023-05-14  |y BK 
999 |c 29057  |d 29057 
040 |c ARCE Library 
041 1 |a ara  |h eng 
043 |a f-ua---  
050 4 |a DT61 .S552 1956 
100 1 |a Shorter, Alan W.,  |e author 
240 1 0 |a Everyday life in ancient Egypt.  |l Arabic 
245 1 3 |6 880-01  |a al-Ḥayāh al-yawmīyah fī Miṣr al-qadīmah /  |c Alan W. Shūrtir ; tarjamat D. Najīb Mīkhāʼīl Ibrāhīm ; murājaʻat Muḥarram Kamāl. 
264 1 |a al-Qāhirah :   |b Maktabat al-Anjlū al-Miṣrīyah,   |c 1956. 
300 |a 267 pages :  |b illustrations ;  |c 20 cm. 
490 0 |a al-Alf kitab ;   |v 49. 
500 |a Translation of : Everyday life in ancient Egypt. 
651 0 |a Egypt  |x Social life and customs. 
651 0 |a Egypt  |x Antiquities. 
700 1 |a Ibrāhīm, Najīb Mīkhāʼīl. 
700 1 |a Kamāl, Muḥarram. 
880 1 2 |6 245-01/(3/r  |a الحياة اليومية في مصر القديمة   |c تأليف آلن و. شورتر ؛ ترجمة نجيب ميخائيل إبراهيم ؛ مراجعة محرم كمال‪‪‪‪‪‪‪‪‪‪‪‪‪‪‪‪‪‪‪‪‪‪‪‪‪‪‪‪‪‪‪‪‪‪‪‪‪‪‪‪‪‪‪‪‪‪‪‪‪‪‪‪.‪‪‪‪‪‪‪‪‪‪‪‪‪‪‪‪‪‪‪‪‪‪‪‪‪‪‪‪‪‪‪‪‪‪‪‪‪‪‪‪‪‪‪‪‪‪‪ 
901 |a reviewed 
942 |c BK  |2 lcc